00920nam a2200229Ia 450000500170000000800410001702000310005804100080008908200180009724500320011525000220014730000410016950502550021065000290046565000230049465000220051726400280053933600270056733700330059433800280062704000350065520220316235929.0141017s2000 sp a gr 000 0 spa  a848673276X (obra completa)0 aspa04aR 745.5bP35p10aPinocho btrabajos manuales aPrimera edición a4 volúmenesbilustraciones c27 cm0 avolúmen 1 Papel, cartulina, envases, papel maché, dibujar y pintar ; volúmen 2 Cuerda, cestería, paja, rafia, marionetas ; volúmen 3 Costura, tela, lana, muñecos, estampado ; volúmen 4 Modelado, corcho, materiales naturales, teñido14aTrabajos manuales 2LEMB14aArtesanías2LEMB14aCestería 2LEMB aMadrid bCulturalc2000 atextobtxt2rdacontent asin mediaciónbn2rdamedia avolumenbnc2rdacarrier aCO-BoRNBPbspaerdacCO-BoRNBP